Running With The Buffaloes Character Quiz - Statistics

General Stats
  • This quiz has been taken 2 times
  • The average score is 14 of 25
Answer Stats
Hint Answer % Correct
Adam Goucher
100%
Assistant coach Jason Drake
100%
Head coach Mark Wetmore
100%
Steve Slattery
100%
Aaron Blondeau
50%
Bonus: runner-up at NCAA championships (first name) Abdi Abdirahman
50%
Adam Batliner
50%
Brock Tessman
50%
Author Chris Lear
50%
Chris Schafer
50%
Chris Severy
50%
Chris Valenti
50%
Jay Johnson
50%
John O'Mara
50%
Bonus: Goucher's high school coach Judy Fellhauer
50%
Matt Elmuccio
50%
Matt Napier
50%
Matt Ruhl
50%
Mike Friedberg
50%
Oscar Ponce
50%
Ronald Roybal
50%
Sean Smith
50%
Tom Reese
50%
Wes Berkshire
50%
Jason Robbie
0%
No matching quizzes found
Score Distribution
Percent of People with Each Score
Percentile by Number Answered
Your Score History
You have not taken this quiz